Nedělní párty s Picassem : jak nadchnout děti pro umění /
Cílem knížky je povzbudit rodiče či pedagogy, aby se nebáli dětem přiblížit výtvarné umění a vzali je do galerie či muzea.
Uloženo v:
| Hlavní autor: | |
|---|---|
| Další autoři: | |
| Médium: | E-kniha |
| Jazyk: | Czech |
| Vydáno: |
V Brně :
Jan Melvil Publishing,
2021
|
| Vydání: | Vydání první |
| Edice: | Briquet
|
| Témata: | |
| On-line přístup: | Plný text - pro registrované uživatele NK ČR |
| Tagy: |
Žádné tagy |
| LEADER | 03074nam a2200601 i 4500 | ||
|---|---|---|---|
| 001 | 311474 | ||
| 003 | CZ PrSKC | ||
| 005 | 20260601215706.0 | ||
| 007 | ta | ||
| 008 | 211201s2021 xr a g f 000 0 cze | ||
| 015 | |a cnb003377214 | ||
| 020 | |a 9788075551504 |q (brožováno) : |c Kč 389,00 | ||
| 035 | |a (OCoLC)1296108391 | ||
| 040 | |a BOA001 |b cze |d OLA001 |e rda | ||
| 072 | 7 | |a 72/76 |x Výtvarné umění |2 Konspekt | |
| 080 | |a 72/76 |2 MRF | ||
| 080 | |a 7.071.5 |2 MRF | ||
| 080 | |a 7.072/.073 |2 MRF | ||
| 080 | |a 316.346.32-053.2 |2 MRF | ||
| 080 | |a 72/76:37.016 |2 MRF | ||
| 080 | |a (035) |2 MRF | ||
| 100 | 1 | |a Šeborová, Silvie, |d 1981- |7 mzk2011661305 |4 aut | |
| 245 | 1 | 0 | |a Nedělní párty s Picassem : |b jak nadchnout děti pro umění / |c Silvie Šeborová ; ilustroval Alexey Klyuykov |
| 250 | |a Vydání první | ||
| 264 | 1 | |a V Brně : |b Jan Melvil Publishing, |c 2021 | |
| 300 | |a 246 stran : |b barevné ilustrace ; |c 16 cm + |e 1 složený dvoulist (4 nečíslované strany ; 13 cm) | ||
| 336 | |a text |b txt |2 rdacontent | ||
| 337 | |a bez média |b n |2 rdamedia | ||
| 338 | |a svazek |b nc |2 rdacarrier | ||
| 338 | |a list |b nb |2 rdacarrier | ||
| 490 | 1 | |a Briquet | |
| 504 | |a Obsahuje bibliografii a bibliografické odkazy | ||
| 520 | 2 | |a Cílem knížky je povzbudit rodiče či pedagogy, aby se nebáli dětem přiblížit výtvarné umění a vzali je do galerie či muzea. |b Přístupně napsaná příručka poradí, proč se s dětmi o umění zajímat či jak děti k výpravě za uměním motivovat. Odpoví i na další otázky: Jak dětem umění přiblížit? Jak se s nimi o umění bavit? Co dělat a o čem mluvit v galerii? Obsahuje i konkrétní informace, kam za uměním můžeme s dětmi vyrazit (nejen do galerie či na výstavu, ale také do města, přírody či na internet). | |
| 650 | 0 | 7 | |a umění |7 ph116538 |2 czenas |
| 650 | 0 | 7 | |a zprostředkování umění |7 ph139183 |2 czenas |
| 650 | 0 | 7 | |a vnímání uměleckého díla |7 ph162887 |2 czenas |
| 650 | 0 | 7 | |a děti a mládež |7 ph119707 |2 czenas |
| 650 | 0 | 7 | |a výtvarná výchova |7 ph127464 |2 czenas |
| 650 | 0 | 9 | |a art |2 eczenas |
| 650 | 0 | 9 | |a art mediation |2 eczenas |
| 650 | 0 | 9 | |a perception of art |2 eczenas |
| 650 | 0 | 9 | |a children and youth |2 eczenas |
| 650 | 0 | 9 | |a art education |2 eczenas |
| 655 | 7 | |a příručky |7 fd133209 |2 czenas | |
| 655 | 9 | |a handbooks and manuals |2 eczenas | |
| 700 | 1 | |a Klyuykov, Alexey, |d 1983- |7 jx20080421010 |4 ill | |
| 830 | 0 | |a Briquet | |
| 856 | 4 | 1 | |u https://www.bookport.cz/AccountSaml/SignIn/?idp=https%3A%2F%2Fshibboleth.nkp.cz%2Fidp%2Fshibboleth&returnUrl=/kniha/nedelni-party-s-picassem-10256/ |y Plný text - pro registrované uživatele NK ČR |4 N |
| 900 | |a ABA001 |b 19 | ||
| 044 | |a xr | ||
| 910 | |a RBIT002 | ||
| 998 | |d 340494 |a https://core.palmknihy.cz/api/books/340494/cover?r2ttw5 |b https://core.palmknihy.cz/api/books/340494/cover/400?r2ttw5 |c https://core.palmknihy.cz/api/books/340494/cover/50?r2ttw5 |e |g 248 |i 9788075551504 |j https://core.palmknihy.cz/api/books/340494/preview.epub |l |q 49 |r 1 |s https://www.palmknihy.cz/kniha/340494 |t ebook |y 2021 |z 0 | ||
| 999 | |d 311472 | ||